European Cities With the Most Muslims - Statistics

General Stats
  • This quiz has been taken 59 times
  • The average score is 9 of 17
Answer Stats
Muslim Population City % Correct
1,300,000 London
98%
14,000,000 Istanbul
96%
220,000 Paris
94%
410,000 Berlin
93%
1,100,000 Moscow
87%
210,000 Tirana
69%
250,000 Sarajevo
65%
300,000 Athens
63%
340,000 Birmingham
57%
200,000 Marseille
50%
300,000 Vienna
50%
700,000 Kazan
33%
380,000 Grozny
24%
610,000 Ufa
19%
520,000 Makhachkala
13%
270,000 Naberezhnye Chelny
4%
310,000 Çorlu
2%
No matching quizzes found
Score Distribution
Percent of People with Each Score
Percentile by Number Answered
Your Score History
You have not taken this quiz